Austerlitz : La più grande vittoria di Napoleone

Na minha lista:
Detalhes bibliográficos
Formato: Livro
Idioma:Undetermined
Publicado em: Italia Garzanti 2006
Assuntos:
Tags: Adicionar Tag
Sem tags, seja o primeiro a adicionar uma tag!

MARC

LEADER 00000nam a2200000Ia 4500
008 170316s9999 xx 000 0 und d
999 |c 8229  |d 8229 
040 |a cru BVZT 
090 |a 850 V-3a 
245 |a Austerlitz : La più grande vittoria di Napoleone  |c / Sergio Valzania 
260 |a Italia  |b Garzanti  |c 2006 
300 |a 273 páginas 
650 |a LITERATURA ITALIANA  |9 212 
650 |a HISTORIA  |9 90 
650 |a NAPOLEON 
650 |a EN IDIOMA ITALIANO 
942 |c 15 D  |h 850 V-3a  |2 z